000 00311nam a2200145Ia 4500
999 _c14020
_d14020
003 OSt
005 20260328092614.0
008 260210s9999 xx 000 0 und d
020 _a9787560973708
082 _a711
100 _aHKPIP
245 0 _aPublic Landscape
260 _bChina Press
942 _cPG
_2ddc